000 01874cam a2200337 a 4500
001 14194174
003 ARRUPE
005 20211104105256.0
008 051209s2004 dcu b 001 0 eng d
010 _a 2005301291
020 _a1574556924 (pbk.)
035 _a(OCoLC)ocm58567057
040 _aVYK
_cVYK
_dMNY
_dDIV
_dBAKER
_dDLC
041 1 _aeng
_hlat
042 _alccopycat
050 0 0 _aBX1753
_b.C3713 2004
082 0 0 _a261.8088/282
_222
110 2 _aCatholic Church.
_bPontificium Consilium de Iustitia et Pace.
_950995
245 1 0 _aCompendium of the social doctrine of the church /
_cPontifical Council for Justice and Peace.
260 _aCittá del Vaticano :
_bLibreria Editrice Vaticana ;
_aWashington, D.C. :
_b[Distributed by] United States Conference of Catholic Bishops,
_cc2004
_g(2005 printing)
300 _axxii, 446 p. ;
_c23 cm.
490 1 _aPublication (USCCB Publishing) ;
_vno. 5-692
504 _aIncludes bibliographical references and indexes.
505 0 _aIntroduction : An integral and solidary humanism -- God's plan of love for humanity -- The church's mission and social doctrine -- The human person and human rights -- Principles of the church's social doctrine -- The family, the vital cell of society -- Human work -- Economic life -- The political community -- The international community -- Safeguarding the environment -- The promotion of peace -- Social doctrine and ecclesial action -- For a civilization of love.
610 2 0 _aCatholic Church
_xDoctrines.
650 0 _aChristian sociology
_xCatholic Church.
830 0 _aPublication (United States Catholic Conference. Office of Publishing and Promotion Services) ;
_vno. 5-692.
_950996
906 _a7
_bcbc
_ccopycat
_d2
_encip
_f20
_gy-gencatlg
942 _2lcc
_cMONOGRAPH
999 _c131113
_d131113